| 000 | 01549cam a22004694i 4500 | ||
|---|---|---|---|
| 003 | PE-LiUPU | ||
| 005 | 20250731172942.0 | ||
| 008 | 150623s r 000 0 d | ||
| 020 | _a0310499518 | ||
| 035 | _a(Sirsi) i9780310499510 | ||
| 040 |
_aPE-LiUPU _bspa _cPE-LiUPU _erda |
||
| 049 | _aPRUA | ||
| 082 | 0 | 4 |
_a253 _bB48 _221 |
| 100 | 1 |
_aBierly, Steve R., _d1955-, _eautor. |
|
| 245 | 1 | 0 |
_aHelp for the small-church pastor : _bunlocking the potential of your congregation / _cSteve R. Bierly. |
| 264 | 1 |
_aMichigan : _bZondervan Publishing House, _c1995. |
|
| 300 |
_a144 p. : _b20 cm. |
||
| 336 |
_atext _2rdacontent |
||
| 337 |
_aunmediated _2rdamedia |
||
| 338 |
_avolume _2rdacarrier |
||
| 504 | _aIncluye Bibliografía. | ||
| 505 | 0 | _aWhy the best-laid plans go awry. -The tribe in the pew. -How should we then lead?. | |
| 526 | _aSEG42 | ||
| 526 | _aSEG41 | ||
| 526 | _aSEG40 | ||
| 526 | _aSEG39 | ||
| 526 | _aP94 | ||
| 526 | _aP87 | ||
| 526 | _aP86 | ||
| 526 | _aP85 | ||
| 526 | _aP77 | ||
| 526 | _aP76 | ||
| 526 | _aP35 | ||
| 650 | 0 | 4 | _aPequeñas iglesias. |
| 650 | 0 | 4 |
_aTeología pastoral. _91381 |
| 942 |
_2ddc _cBOOK |
||
| 949 |
_a253 B48 _wDEWEY _c1 _i44620 _lCCODEBUL1 _mBUL _r0 _sY _tBOOK _u2015-6-24 _xTEOLOGIA _PP35 _0COMPRA _o.STAFF. Colección General |
||
| 994 |
_aC0 _bPEPRU |
||
| 596 | _a1 | ||
| 999 |
_a253 B48 _wDEWEY _c21476 _i44620 _f2021-11-12 _g5 _lCCODEBUL1 _mBUL _r0 _sY _tBOOK _u2015-6-24 _xTEOLOGIA _PP35 _0COMPRA _o.STAFF. Colección General _d21476 |
||
| 980 |
_81 _gALBERTO SANCHEZ Responsable de Automatización |
||